[Event "LK Elsaß-Baden"]
[Site "Haguenau"]
[Date "2002.09.15"]
[Round "3.8"]
[White "Marzolf, Bruno"]
[Black "Metz, Hartmut"]
[Result "0-1"]
[WhiteElo "2237"]
[BlackElo "2315"]
[Annotator "Herbrechtsmeier"]
[PlyCount "54"]
[EventDate "2002.09.15"]
[WhiteTeam "ELSASS"]
[BlackTeam "BADEN"]
[WhiteTeamCountry "FRA"]
[BlackTeamCountry "GER"]

1. e4 c6 2. d4 d5 3. Nd2 dxe4 4. Nxe4 Nf6 5. Nxf6+ gxf6 6. Bc4 (6. Be2 Bf5 7.
Bf3 e6 8. Ne2 Nd7 9. Ng3 Bd6 10. Nxf5 Qa5+ 11. c3 Qxf5 {
1/2-1/2 Ketterer,C-Mueller,D/Umkirch 2000 (20)}) (6. Nf3 Bf5 (6... Bg4 7. Be2
e6 8. Bf4 Bd6 9. Qd2 Qc7 10. Bxd6 Qxd6 11. Qh6 f5 12. O-O-O Nd7 13. h3 Bxf3 14.
Bxf3 O-O-O {0-1 Herb,P-Metz,H/Baden OL 96/97 (3) 1996 (32)}) 7. g3 Nd7 (7... e6
8. Bg2 Qc7 9. O-O Nd7 10. c4 O-O-O 11. Be3 Be4 12. Qe2 f5 {
1/2-1/2 Vatter,H-Schneider,B/Hockenheim 1994 (34)}) 8. Bg2 Bg7 9. Nh4 e6 10.
Nxf5 Qa5+ 11. c3 Qxf5 12. O-O O-O 13. Qb3 Nb6 14. a4 {
1-0 Sessler,J-Metz,H/Baden OL 93/94 1993 (40)}) (6. c3 Bf5 7. Nf3 (7. Ne2 Nd7
8. Ng3 Bg6 9. h4 h5 10. Be2 Qa5 11. a4 O-O-O 12. b4 Qc7 13. a5 e5 14. a6 {
1-0 Loeffler,M-Metz,H/Baden OL 93/94 1994 (33)}) 7... Nd7 8. g3 Nb6 (8... e6 9.
Bg2 Qc7 (9... Bd6 10. O-O Qc7 11. Nh4 Bg6 12. f4 f5 13. Qe1 O-O-O {
1/2-1/2 Schmidt,S-Metz,H/Mannheim 1990/GER 04 (50)}) (9... Bg7 $5 10. O-O O-O
11. Re1 Re8 12. Bf4 Qb6 13. Qc1 Bg6 14. Nd2 Qd8 15. Nc4 Nb6 16. Na5 {
1/2-1/2 Arnold,L-Neumann,N/corr 2002 (28)}) 10. O-O Bg4 11. a4 (11. Qa4 Bxf3
12. Bxf3 h5 13. Bf4 Bd6 14. Bxd6 Qxd6 15. b4 a6 16. Qb3 h4 {
1-0 Laubsch,B-Metz,H/Osnabrueck 2002/ (117)}) 11... h5 12. Bf4 Bd6 13. Bxd6
Qxd6 14. Qb3 {1/2-1/2 Wildi,M-Metz,H/Baden GER 2002 (25)}) 9. Bg2 Qd7 10. O-O
Bh3 (10... h5 11. a4 $1 $16) 11. Bxh3 (11. a4 Bxg2 12. Kxg2 h5 (12... Nd5 13.
c4 Nc7 14. b4 a6 15. Bf4 Bg7 16. Qd2 O-O 17. a5 Rad8 18. Rad1 e6 19. Rfe1 {
0-1 Milovanovic,R-Campora,D/Tuzla 1983/MCD-r8 (38)}) 13. h4 Bh6 14. c4 O-O-O
15. Qe2 Kb8 16. Bxh6 Rxh6 17. Rad1 {
0-1 Morovic Fernandez,I-Campora,D/Ponferrada op 1992/EXT 92op2 (41)}) (11. Re1
Bxg2 12. Kxg2 O-O-O 13. a4 h5 14. a5 Nd5 15. a6 b6 16. c4 Nc7 17. Re4 Bg7 18.
Qe2 Ne6 19. Rh4 Nf8 20. Re4 Ng6 21. Nh4 {
Campora,D-Roos,D/Torremolinos 1983/MCD-r8/1/2-1/2 (49)}) 11... Qxh3 12. a4 Qf5
(12... h5 13. a5 Nc8 (13... Nd5 14. c4 Nb4 15. Qb3 e6 16. Bd2 $18) 14. a6 {
1-0 Campora,D-Morozevich,A/Moscow olm 1994/CBM 45/[Dolmatov] (21)}) (12...
O-O-O 13. a5 Nd5 14. a6 b6 15. c4 Nc7 16. Qa4 Qd7 17. Bf4 e6 18. Rfd1 h5 19. b4
{1-0 Hnydiuk,A-Turov,M/EU-chJM U18 1996/EXT 96ch2 (28)}) (12... Qd7 13. a5 Nc8
$14) (12... Qh5 13. a5 Nc4 14. b3 (14. Ra4 $5) (14. Bf4 $5 $146 {
1/2-1/2 Herbrechtsmeier,C-Neumann,N/corr 1998/ (30)}) 14... Nd6 (14... Nxa5 $2
15. d5 b6 16. b4 $16) 15. c4 $14 e6 16. Ba3 (16. Re1 {Pieterse, NIC YB/3} 16...
O-O-O 17. Ba3 Nf5 18. Bxf8 Rhxf8 19. Qe2 Qg4 20. Qe4 h5 $11 {CH}) 16... Rd8 17.
a6 b6 18. Qe2 Be7 19. Rfe1 O-O 20. Bb2 Rfe8 21. Kg2 Bf8 $14 {
0,5-0,5 (68) Popovic-Kortchnoi/Titograd/1984 (27)}) 13. a5 Nd5 (13... Nc4 14.
a6) 14. c4 Nc7 (14... Nb4 15. Qb3) 15. Bf4 Na6 (15... O-O-O {
Fedorowicz-Roos,D 90 (i49)} 16. Bxc7 (16. a6 Nxa6 17. Rxa6 bxa6 18. Qa4 $13)
16... Kxc7 17. Qe2 Rg8 18. b4 e5 19. b5 exd4 20. b6+ Kb8 21. Nxd4 {
1-0 Schlindwein,R-Roos,D/BL2-S9697 1996/BL2-S (31)}) 16. d5 Rg8 (16... e5 17.
Re1) 17. Be3 c5 18. b4 e5 19. dxe6 fxe6 20. Qa4+ Kf7 21. Qd7+ Be7 22. b5 {
1-0 Glek,I-Roos,D/BL9394 1994/BL 90 (30)} 22... Qxf3 23. bxa6 $16 bxa6 (23...
b6 24. Qb7) 24. Bxc5 Rge8 25. Rab1 Qf5 26. Bxa7) 6... Bf5 7. Ne2 (7. Nf3 e6 8.
Bf4 (8. c3 Qc7 9. Nh4 Bg6 10. f4 f5 11. g3 Nd7 12. Be3 Be7 {
0-1 Vatter,H-Miltner,A/Donaueschingen 1985/GER 04 (29)}) 8... Bd6 9. Bg3 Qc7
10. Qd2 Nd7 11. O-O-O O-O-O 12. Rhe1 Bg6 {
1-0 Vatter,H-Schneider,B/Zell a.H. 1998/ (84)}) 7... Nd7 8. O-O $6 {
Weiss verzichtet besser auf die (kurze) Rochade} (8. Ng3 Bg6 9. h4 h5 10. Bd3 (
10. c3 e6 11. Be2 Qa5 12. b4 Qd5 13. O-O Nb6 14. a4 Qd8 15. b5 {
1-0 Unzicker,W-Miles,A/Germany 1986/GER-chT (63)}) 10... Bxd3 11. Qxd3 e6 12.
Bd2 Nb6 13. c4 Qd7 14. O-O-O O-O-O 15. Ba5 c5 {
1/2-1/2 Timoshenko,G-Morozevich,A/Alushta 1994/EXT 97 (33)}) (8. Nf4 e6 9. g4
Bg6 10. h4 (10. Be3 Bd6 11. Nxg6 hxg6 12. h4 Nb6 13. Qe2 {
1/2-1/2 Strikovic,A-Roos,D/Las Palmas 1993/EXT 97 (56)}) 10... Qb6 11. c3 O-O-O
12. Qe2 e5 13. h5 {1-0 Doncevic,D-Hickl,J/Luxembourg 1988/EXT 97 (41)}) 8... e6
(8... Nb6 9. Bb3 Qd7 10. c4 Bg7 11. Be3 O-O 12. Qd2 Bg6 13. Rfd1 {
1-0 Popovic,P-Seirawan,Y/Sarajevo 1987/CBM 05 (69)}) 9. a4 (9. Ng3 Bg6 10. Re1
(10. f4 f5 11. Be3 Qc7 12. c3 h5 13. a4 Nf6 14. Qb3 h4 {
0-1 Pfleger,M-Stelzer,H/Lauda 1986/GER 04 (45)}) 10... Qc7 11. c3 h5 12. Qf3
Bd6 13. h3 O-O-O 14. b4 h4 {1/2-1/2 Schneider,B-Mueller,D/Umkirch 2000/ (21)})
9... Bd6 10. Bf4 Qc7 11. Bxd6 Qxd6 12. Bd3 (12. Kh1 h5 13. a5 h4 14. Bd3 Bxd3
15. Qxd3 f5 16. h3 Nf6 {
0-1 Bruzon Bautista,L-Pelikian,J/Sao Bernardo 1999/EXT 2001 (39)}) (12. a5 h5 (
12... O-O-O 13. a6 b6 14. Bd3 Bxd3 15. Qxd3 f5 16. Rac1 Rhg8 17. Qf3 Nf6 {
1/2-1/2 Gurevich,V-Turov,M/Azov 1995/CBM 46 (42)}) 13. Bd3 Bxd3 14. Qxd3 h4 15.
c4 O-O-O 16. a6 b6 17. Qf3 Rdg8 18. Nc3 f5 {
0-1 Sisniega,M-Groszpeter,A/New York 1988/CBM 08 (43)}) 12... Bg6 13. Qd2 O-O-O
14. a5 a6 15. Rfd1 (15. f4 Bxd3 16. Qxd3 f5) 15... Rdg8 16. Qe3 h5 17. c4 h4
18. Be4 (18. Bxg6 Rxg6 19. d5 $5) 18... Bxe4 19. Qxe4 Rg5 20. Nc3 $2 f5 21. Qf3
Rhg8 22. g3 hxg3 23. hxg3 Rxg3+ 24. fxg3 Rxg3+ 25. Qg2 Rxg2+ 26. Kxg2 Nf6 27.
d5 Ng4 {(59)} 0-1

[Event "LK Elsaß-Baden"]
[Site "Haguenau"]
[Date "2002.09.15"]
[Round "13.9"]
[White "Schuh, Hubert"]
[Black "Graindorge, Jean Sebastian"]
[Result "1/2-1/2"]
[WhiteElo "2340"]
[BlackElo "2197"]
[Annotator "Herbrechtsmeier"]
[PlyCount "74"]
[EventDate "2002.09.15"]
[WhiteTeam "BADEN"]
[BlackTeam "ELSASS"]
[WhiteTeamCountry "GER"]
[BlackTeamCountry "FRA"]

1. d4 d5 2. c4 e6 3. Nc3 Nf6 4. Bg5 Be7 5. Nf3 Nbd7 6. e3 c6 7. cxd5 exd5 8.
Qc2 O-O 9. Bd3 Re8 10. O-O Nf8 11. Bxf6 Bxf6 12. b4 a6 (12... Bg4 13. Nd2 Rc8 {
Karpov-Korchnoi/Baguio WM-ch/1978 /\} 14. b5 c5) 13. a4 (13. Bf5 {Baburin}) (
13. Na4 $1 g6 (13... Bg4 14. Nd2 Bh5 15. Nc5 Qc7 16. a4 Bg6 17. Bxg6 hxg6 18.
Rfc1 Rec8 19. g3 Nd7 20. Kg2 a5 21. Qb3 {
1-0 Schuh,H-Popitz,A/Germany 1997/GER-chT2 (80)}) 14. Nc5 Qd6 15. Rab1 b6 16.
Nb3 Nd7 17. Rfc1 Bb7 18. a4 Bd8 19. a5 b5 20. Nc5 Nxc5 21. Qxc5 {
1/2-1/2 Vera,R-Lputian,S/Sochi 1985/MCD (46)}) 13... g6 (13... Bg4 14. Nd2 Be7
15. b5 (15. Rab1 {Baburin}) 15... a5 $1 {(><b4)} (15... axb5 {Ftacnik} 16. axb5
Bd6 (16... Rxa1 17. Rxa1 Bd6 18. bxc6 bxc6 19. Ra6 Bd7 20. g3 Qg5 21. Nf1 h5
22. h4 Qe7 23. Na4 Rb8 24. Ra7 {Herzog,J-Meier,T/Zuerich op/1989/0-1 (41)}) 17.
Rxa8 Qxa8 18. bxc6 bxc6 19. Rb1 Rb8 20. Rxb8 Qxb8 21. h3 Bd7 22. Kf1 g6 23. Qb3
Qb4 24. Ke2 {Cosma,I-Safyanovsky,M/Moscow3/1991/0.5 (31)}) 16. bxc6 bxc6 {
Baburin:This idea (a7-a6 and then a6-a5!? instead of the natural a6xb5) was
invented by Spassky. Black has got a good square on the b-file (b4) and it's
difficult for White to get the c3-Knight to c5, due to the presence of a pawn
on a4.} 17. Na2 {Baburin:This idea does not look great.} (17. Bf5 $5) (17. Ne2
{Ftacnik} 17... Bb4 18. Nb3 Qf6 19. Rfc1 Rac8 20. Nc5 Ng6 21. Ng3 Kh8 22. Bf5
Bxf5 23. Qxf5 Qe7 24. Nd3 {Yuneev,A-Akopian,V/URS-sf Daugavpils/1989/0.5 (66)})
17... Bd6 {
0-1 Mozny,M-Dumitrache,D/Odorheiu Secuiesc 1995/CBM 47/[Dumitrache] (26)}) (
13... Be7 14. b5 a5 15. bxc6 bxc6 16. Rfc1 Bd6 17. Bf5 Ba6 18. Ne2 Qe7 19. Ng3
g6 20. Bd3 Bb7 21. Rab1 {
1/2-1/2 Bagirov,V-Kveinys,A/Aaland-Stockholm 1997/EXT 98 (21)}) 14. b5 axb5 (
14... a5 15. bxc6 bxc6 16. Nb1 Qd6 17. Nbd2 Ne6 18. Rfc1 $2 (18. Nb3 $14) 18...
c5 $1 $15 {1/2-1/2 Timman,J-Spassky,B/Tilburg 1979/MCL/[Ftacnik] (49)}) 15.
axb5 Rxa1 16. Rxa1 Bg4 17. bxc6 bxc6 18. Ne2 (18. Ra6 $6 Bxf3 19. gxf3 Bxd4 $1
20. Rxc6 (20. exd4 $4 Re1+ 21. Kg2 Qg5+ 22. Kh3 Rg1 23. Bxg6 Qg2+ 24. Kh4 Qxh2#
) 20... Qg5+ 21. Kh1 Ne6) 18... Qd6 19. Ra6 Rc8 20. Nd2 Bxe2 21. Bxe2 Ne6 22.
Bg4 Qb4 23. g3 Qb7 24. Qa4 Rc7 25. Kg2 Kg7 26. Qa5 Be7 27. Rb6 (27. Bxe6 Bb4 $1
(27... fxe6 28. Rb6 Qc8 29. Nf3) 28. Qb6 Qxb6 29. Rxb6 Bxd2 $11) 27... Qc8 28.
Qc3 f5 29. Bd1 Bf6 30. Qb3 Qd7 (30... Ra7 $5) 31. Qa4 Nd8 32. Nb3 Be7 33. Be2
Ne6 34. Ra6 Bd6 35. Na5 Nd8 36. Nb3 Ne6 37. Na5 Nd8 1/2-1/2

[Event "LK Elsaß-Baden"]
[Site "Haguenau"]
[Date "2002.09.15"]
[Round "2.10"]
[White "Rocher, Olivier"]
[Black "Herbrechtsmeier, Christof"]
[Result "0-1"]
[WhiteElo "2180"]
[BlackElo "2310"]
[Annotator "Herbrechtsmeier"]
[PlyCount "54"]
[EventDate "2002.09.15"]
[WhiteTeam "ELSASS"]
[BlackTeam "BADEN"]
[WhiteTeamCountry "FRA"]
[BlackTeamCountry "GER"]

1. c4 g6 2. Nc3 Bg7 3. e4 c5 4. g3 Nc6 5. Bg2 d6 (5... e6 6. d3 Nge7) 6. Nge2
Bg4 (6... Nf6) 7. h3 (7. f3 Bd7 8. O-O Nf6 9. d3 O-O 10. Be3 a6 11. a4 Ne8 12.
Rb1 Nc7 13. d4 cxd4 14. Nxd4 Nxd4 15. Bxd4 b5 16. Bxg7 Kxg7 17. Qd4+ Kg8 18.
axb5 axb5 {1/2-1/2 Womacka,M-Bezold,M/Germany 1999/GER-chT2 (18)}) 7... Bd7 (
7... Bxe2 8. Nxe2 Nf6 9. O-O O-O) 8. O-O Nf6 (8... Nh6 9. d3 O-O 10. Be3 f5 11.
Qd2 Nf7 12. exf5 gxf5 13. Nf4 Qe8 {
0-1 Held,P-Bastian,H/Menden 1974/EXT 2001 (42)}) 9. d3 O-O 10. Be3 Ne8 (10...
e5 11. Qd2 Nd4 12. Kh2 a6 13. Bh6 b5 14. Bxg7 Kxg7 15. f4 {
1-0 Radulov,I-Wood,R/Sinaia 1965/EXT 2001 (31)}) (10... a6 11. Qd2 Re8 12. d4
cxd4 13. Nxd4 Nxd4 14. Bxd4 Qc8 {
0-1 Shovunov,B-Ivanov,M/Elista 1994/CBM 44 (70)}) 11. Qd2 (11. Qc1 Nc7 12. Bh6
Qc8 13. Kh2 Nd4 14. Bxg7 Kxg7 15. f4 a6 16. b3 Rb8 17. Nxd4 cxd4 18. Ne2 {
1-0 Marques,J-Suarez Fernandez,P/Asturia 1996/EXT 2001 (40)}) 11... Nc7 12. Bh6
Ne6 13. Kh2 Ned4 14. Nxd4 Nxd4 15. Rae1 f6 16. Bxg7 Kxg7 17. f4 e5 18. Nd5 {
(33)} 18... Bc6 {(27)} 19. fxe5 {(44)} 19... fxe5 $1 (19... dxe5 $15) 20. Rxf8
(20. Ne3 Qg5) 20... Qxf8 21. Ne3 (21. Rf1 $4 Qxf1) 21... Qe7 22. Ng4 (22. Rf1
Rf8 23. Ng4 (23. Qd1 Rxf1 24. Qxf1 Qg5) 23... Rxf1 24. Qh6+ Kg8 25. Bxf1 Bd7
$15) 22... Rf8 23. Qh6+ {(53)} 23... Kg8 24. Ne3 $2 {(62)} (24. Rf1 Rxf1 25.
Bxf1 Bd7 $15) 24... Rf2 $17 {
Es raecht sich jetzt, dass der Koenig g1 verlassen hat (51)} 25. Rf1 (25. Rb1
Qf7 26. Ng4 Rxg2+ 27. Kxg2 Qf3+ 28. Kh2 Qxd3 29. Nf6+ Kf7 $19) 25... Qf7 (25...
Rxb2 26. Ng4 $140 Nf5 $1 27. Qc1 Rxa2 $19) 26. Kg1 $2 (26. Kh1 Rxf1+ 27. Nxf1
Qf2 28. Qd2 (28. Qg5 Ne2 29. Qd8+ Kf7 30. Qc7+ Ke8) 28... Ne2 29. Qe3 Qxe3 30.
Nxe3 Nxg3+ 31. Kh2 Ne2) 26... Ne2+ $19 27. Kh2 Qf3 {
(62) - Drei Minuten mehr als Hartmut!} 0-1

[Event "LK Elsaß-Baden"]
[Site "Haguenau"]
[Date "2002.09.15"]
[Round "18.11"]
[White "Gasthofer, Viktor"]
[Black "Chaury, Fabien"]
[Result "1-0"]
[WhiteElo "2297"]
[BlackElo "2174"]
[Annotator "Herbrechtsmeier"]
[PlyCount "83"]
[EventDate "2002.09.15"]
[WhiteTeam "BADEN"]
[BlackTeam "ELSASS"]
[WhiteTeamCountry "GER"]
[BlackTeamCountry "FRA"]

1. c4 c6 2. Nf3 d5 3. b3 Nf6 4. Bb2 Bf5 5. g3 e6 6. Bg2 Be7 7. O-O (7. Na3 h6
8. O-O O-O 9. Nc2 Nbd7 10. d3 Re8 11. Nd2 Bh7 12. b4 e5 13. cxd5 cxd5 14. Ne3
d4 {0-1 Scherer,M-Gerstner,W/Baden-Baden 1990 (34)}) 7... O-O 8. d3 Nbd7 9.
Nbd2 a5 10. a3 Nc5 11. Bc3 Nfd7 12. b4 axb4 13. axb4 Na6 14. Qb3 Bf6 15. Rfb1
Qe7 16. Bxf6 Qxf6 17. Ra5 Nc7 18. Qb2 Qe7 (18... Qxb2 19. Rxb2 b6 20. Raa2) (
18... b6 19. Qxf6 Nxf6 20. Raa1) 19. Rba1 $14 Bg4 20. Rxa8 Rxa8 21. Rxa8+ Nxa8
22. b5 Bxf3 (22... Nab6) 23. Bxf3 Nab6 {(R)} 24. bxc6 bxc6 25. d4 $5 Qd8 (25...
Nxc4 $2 26. Nxc4 dxc4 27. Bxc6 $16) (25... c5 $1 $11) 26. Qb4 Qc7 27. Qa5 Qb7 (
27... c5) 28. Qb4 Qc7 29. e4 $5 $138 g6 $138 30. exd5 exd5 31. Qa5 Qb7 32. Qb4
Qa7 33. c5 Nc8 (33... Nc4 $5 34. Nxc4 $140 $2 Qa1+ 35. Kg2 Qxd4) 34. Nb3 Ne7 $6
(34... Qb8) 35. Na5 Qb8 36. Qe1 Qb5 $4 (36... Qd8 37. Nb7 $16 (37. Bd1 Nf8 38.
Ba4 Ne6) 37... Qb8 38. Nd6 Kf8) 37. Qxe7 $18 Qxa5 38. Qxd7 Qa1+ 39. Kg2 Qxd4
40. Qxc6 Qc3 41. Qxd5 Qc1 42. c6 1-0

[Event "LK Elsaß-Baden"]
[Site "Haguenau"]
[Date "2002.09.15"]
[Round "9.12"]
[White "Aguettaz, Maxime"]
[Black "Scherer, Helmut"]
[Result "1-0"]
[WhiteElo "2187"]
[BlackElo "2298"]
[Annotator "Herbrechtsmeier"]
[PlyCount "54"]
[EventDate "2002.09.15"]
[WhiteTeam "ELSASS"]
[BlackTeam "BADEN"]
[WhiteTeamCountry "FRA"]
[BlackTeamCountry "GER"]

{Aguettaz = J} 1. e4 e5 2. Nf3 Nc6 3. Bc4 Bc5 4. c3 Qe7 5. d4 Bb6 (5... exd4 6.
O-O $1 d3 (6... dxc3 7. Nxc3 d6 8. Nd5 Qd8 9. b4 $1 {Eisinger}) (6... Ne5 7.
Nxe5 Qxe5 8. f4 dxc3+ 9. Kh1 cxb2 10. fxe5 bxa1=Q 11. Qd5 $1 {Eisinger}) 7. b4
Bb6 8. a4 a6 9. e5 d6 10. Bg5 Qd7 11. exd6 cxd6 (11... Qxd6 12. Qb3) 12. Re1+
Nge7 13. b5 $1 Ne5 14. Bxf7+ {1-0 Eisinger-Duhm/BM Heidelberg 28.12.1946 (38)})
6. Bg5 (6. d5 Nb8 (6... Nd8 7. d6 (7. O-O d6 8. a4 a6 9. b4 Nf6 10. Nbd2 {
1-0 Eisinger-Brinckmann/1939}) 7... Qxd6 8. Qxd6 cxd6 9. Na3 Nf6 10. Bd5 {
Eisinger}) 7. d6 $1 Qxd6 8. Qxd6 cxd6 9. Na3 (9. Ng5 Nh6 10. a4 {Eisinger})
9... a6 (9... Nf6) 10. Bb3 Nf6 11. Nc4 Bc7 12. Ng5 {
0-1 Eisinger-Hussong/BM Heidelberg 1933 (37)}) (6. O-O d6 7. h3 Nf6 8. Re1 O-O
9. Na3 {Rossolimo}) 6... Nf6 $6 (6... f6 $142 7. Be3 d6 8. Nbd2 Bg4 9. Qa4 Bd7
10. Qa3 Nh6 11. h3 Nf7 12. O-O-O O-O-O {
1/2-1/2 Herbrechtsmeier,C-Scherer,H/Zell 1993/EXT 2002 (40)}) 7. d5 (7. a4 a6
8. d5 Nd8 9. d6 cxd6 {Keres}) 7... Nb8 $2 (7... Bxf2+ $2 8. Kf1) (7... Nd8 {
ist besser in Hinblick auf d5-d6} 8. d6 (8. O-O $1) 8... Qxd6 9. Qxd6 cxd6 10.
Bxf6 gxf6 11. Bd5 Ne6) 8. d6 $1 (8. a4 $5) 8... Qxd6 (8... cxd6 9. Na3 $5 (9.
O-O h6 (9... d5 10. Bxd5 h6 11. Bxf6 Qxf6 12. Na3 O-O 13. Nb5 Nc6 14. Nd6 {
1-0 Adorjan,A-Webb,S/Hastings 1976/EXT 99 (57)}) 10. Bxf6 Qxf6 11. a4 (11. Na3
Bc7 12. Nc2 Nc6 13. Ne3 Ne7 {1/2-1/2 Sorri,K-Valkesalmi,K/FIN 1990/EXT 97 (72)}
) 11... Nc6 12. Na3 a6 13. Ba2 Bc7 14. Qd3 {
1-0 Zinn,L-Szabo,J/Dresden 1959/MCD (66)}) 9... Bxf2+ (9... a6 10. Bd5 Nc6 11.
Nh4 {1-0 Langier,D-Tanner,P/Buenos Aires 1994/EXT 98 (28)}) 10. Ke2 Bb6 11. Nh4
d5 12. Nf5 Qc5 13. Be3 Qc7 $2 (13... Qa5 14. Bxd5 Nxd5 15. Nd6+) 14. Nxg7+ Kf8
15. Bh6 Kg8 16. Qd2 {1-0 Langier,D-Kotsur,P/Duisburg 1992/TD (19)}) 9. Qxd6
cxd6 10. Bxf6 gxf6 11. Bd5 $16 Nc6 12. Na3 Bc7 (12... Ne7 13. Nb5 Kf8 14. Nh4
Rg8 15. h3 a6 16. Nxd6 Bc7 17. Nxc8 Rxc8 18. O-O-O Rb8 19. Bc4 d6 20. g3 {
1-0 Herbrechtsmeier,C-Ketterer,C/Badenweiler 1988 (49)}) 13. O-O-O a6 14. Nc4
Rb8 15. Nh4 Ne7 16. Ne3 Rg8 17. f3 {Schwarz kann sich nicht befreien} 17... b5
18. Ng4 Kf8 $2 (18... Nxd5 19. Rxd5 Rxg4 20. fxg4 Bb7 {war die letzte Chance})
19. Nxf6 Rg7 20. g4 b4 21. Nf5 Nxf5 22. exf5 Bb6 23. Kc2 a5 24. c4 a4 25. Rd3
Bc5 26. g5 Ke7 27. h4 Ba6 (27... Ba6 28. b3 axb3+ 29. axb3 $18) 1-0

[Event "LK Elsaß-Baden"]
[Site "Haguenau"]
[Date "2002.09.15"]
[Round "20.13"]
[White "Duschek, Volker"]
[Black "Muller, Anne"]
[Result "1/2-1/2"]
[WhiteElo "2325"]
[BlackElo "2169"]
[Annotator "Herbrechtsmeier"]
[PlyCount "95"]
[EventDate "2002.09.15"]
[WhiteTeam "BADEN"]
[BlackTeam "ELSASS"]
[WhiteTeamCountry "GER"]
[BlackTeamCountry "FRA"]

{Muller = F} 1. e4 c5 2. Nf3 d6 3. d4 cxd4 4. Nxd4 Nf6 5. Nc3 Nc6 6. Bc4 Qb6 7.
Nb3 e6 8. Be3 Qc7 9. f4 a6 10. Bd3 Be7 11. Qf3 b5 12. O-O-O Bb7 13. g4 Nb4 $1 (
13... O-O-O 14. g5 Nd7 15. Qh3 (15. Kb1)) 14. Kb1 (14. g5 Nxd3+ 15. Rxd3 (15.
cxd3 b4 16. gxf6 Bxf6) 15... Nxe4 $2 16. Nxe4 d5 17. Nec5) 14... Nd7 (14... d5
$1 15. g5 $2 dxe4 16. Nxe4 Nxe4 17. Bxe4 Qxc2+ $3 18. Bxc2 Bxf3 {
0-1 Huguet,B-Matulovic,M/Reggio Emilia 1967/EXT 2001/[Paoli] (20)}) 15. g5 d5 (
15... Rc8 16. a3 Nxd3 17. cxd3 Nc5 18. Nd4 Ba8 19. f5 e5 20. Nde2 Bd8 21. Rhg1
Qb8 {1-0 Fischer,R-Soos,B/Skopje 1967/MCD (39)}) 16. Bd4 O-O 17. exd5 Nxd3 18.
Rxd3 b4 19. Rf1 $1 (19. Qh5 Qxf4 $1 20. Rh3 Qf5) 19... bxc3 (19... g6 $2 20.
Qh3 $1 $18) 20. Qh5 Rfc8 (20... Bxd5 21. Rh3 Be4 22. f5 h6 23. gxh6 $40) 21.
Rxc3 Qd8 22. Rh3 Nf8 $8 23. dxe6 fxe6 {(112)} (23... Qe8) 24. g6 Bf6 $2 (24...
h6 $2 25. Bxg7) (24... hxg6 25. Qh8+ Kf7 26. Qxg7+ Ke8 27. Rh8 Be4 28. Bc3 $13)
(24... Be4 $1 25. gxh7+ Bxh7) 25. gxh7+ Kh8 26. Qf7 Nd7 (26... Nxh7 27. Bxf6
Qxf6 28. Qxb7) 27. Rg1 Qf8 28. Qxd7 Be4 29. Bxf6 Qxf6 30. Rc3 (30. Rc1) 30...
Rxc3 31. bxc3 Qxc3 32. Qd2 Rc8 33. Qxc3 Rxc3 34. Nd4 Bxh7 $138 (34... Rc4 $142
35. Rd1 g5 $1) 35. Kb2 Rh3 36. Rg2 Re3 37. Re2 $1 $18 Rxe2 38. Nxe2 Kg8 39. c4
$4 Bd3 $11 40. Nc1 (40. c5 Bxe2 41. c6 Bf3 42. c7 Bb7) 40... Bxc4 41. Kc3 Bd5
42. Kd4 Kf7 43. f5 Kf6 44. fxe6 Bxe6 45. a3 Kf5 46. Ne2 g5 47. Ng3+ Kg4 48. Ne4
1/2-1/2

[Event "LK Elsaß-Baden"]
[Site "Haguenau"]
[Date "2002.09.15"]
[Round "22.14"]
[White "Netzer, Jean"]
[Black "Kargoll, Boris"]
[Result "1-0"]
[WhiteElo "2161"]
[BlackElo "2298"]
[Annotator "Herbrechtsmeier"]
[PlyCount "91"]
[EventDate "2002.09.15"]
[WhiteTeam "ELSASS"]
[BlackTeam "BADEN"]
[WhiteTeamCountry "FRA"]
[BlackTeamCountry "GER"]

{Netzer = J} 1. e4 c5 2. Nf3 d6 3. d4 cxd4 4. Nxd4 Nf6 5. Nc3 a6 6. f3 e5 7.
Nb3 Be6 8. Be3 Be7 9. Qd2 h5 10. Be2 Nbd7 11. Nd5 Nxd5 12. exd5 Bf5 13. O-O Qc7
14. c4 a5 15. Rac1 Bg6 16. Rfd1 b6 17. Na1 O-O 18. b3 f5 19. f4 Bf6 20. Nc2
Rae8 21. fxe5 Bxe5 22. Nd4 Nc5 23. Bf3 f4 24. Bf2 Qe7 25. Ne6 Rf7 26. Bxc5 bxc5
27. Re1 Qa7 28. Kh1 a4 29. Qe2 axb3 30. axb3 h4 31. Qf2 Qa3 32. Qxh4 Qxb3 33.
Qg5 Qd3 34. Nxc5 dxc5 35. Rxe5 Rxe5 36. Qxe5 Rb7 37. Qxf4 Rb1 38. h3 Rxc1+ 39.
Qxc1 Qd4 40. Qg5 Bd3 41. Bg4 g6 42. Qe7 Qf2 43. Qe5 Bxc4 44. d6 Bf1 45. Qd5+
Qf7 46. Be6 1-0

[Event "LK Elsaß-Baden"]
[Site "Haguenau"]
[Date "2002.09.15"]
[Round "16.15"]
[White "Rau, Hannes"]
[Black "Schwicker, Francois"]
[Result "0-1"]
[WhiteElo "2252"]
[BlackElo "2198"]
[Annotator "Herbrechtsmeier"]
[PlyCount "80"]
[EventDate "2002.09.15"]
[WhiteTeam "BADEN"]
[BlackTeam "ELSASS"]
[WhiteTeamCountry "GER"]
[BlackTeamCountry "FRA"]

{Rau = J, Schwicker = S} 1. d4 d5 2. c4 e6 3. Nc3 Nf6 4. cxd5 exd5 5. Bg5 Be7
6. e3 O-O 7. Bd3 b6 8. Nf3 Bb7 9. Qc2 h6 10. Bf4 c5 11. O-O Nc6 12. a3 c4 13.
Bf5 a6 14. Rad1 b5 15. e4 {(53)} 15... dxe4 16. d5 Na5 17. d6 exf3 18. Rfe1
Bxd6 19. Rxd6 Qc7 20. Rxf6 Rfe8 21. Rd1 $2 (21. Re3) 21... Qe7 22. Ne4 Bxe4 23.
Bxe4 gxf6 24. gxf3 Rad8 25. Bxh6 Rxd1+ 26. Qxd1 f5 27. Qf1 Qf6 28. Qg2+ Qg6 29.
Qxg6+ fxg6 30. Bd5+ Kh7 31. Be3 Rd8 32. Be6 Nc6 33. Bg5 Rd6 34. Bc8 a5 35. Kf1
b4 36. axb4 axb4 37. Ke1 c3 38. bxc3 bxc3 39. Ba6 c2 40. Be2 Nd4 0-1

[Event "LK Elsaß-Baden"]
[Site "Haguenau"]
[Date "2002.09.15"]
[Round "28.16"]
[White "Machin, Eric"]
[Black "Wiechert, Hans"]
[Result "0-1"]
[WhiteElo "2150"]
[BlackElo "2273"]
[Annotator "Herbrechtsmeier"]
[PlyCount "118"]
[EventDate "2002.09.15"]
[WhiteTeam "ELSASS"]
[BlackTeam "BADEN"]
[WhiteTeamCountry "FRA"]
[BlackTeamCountry "GER"]

1. c4 e6 2. Nf3 Nf6 3. g3 b6 4. Bg2 Bb7 5. O-O c5 6. Nc3 Be7 7. Re1 d6 8. e4 a6
9. b3 Qc7 10. d4 cxd4 11. Qxd4 Nbd7 12. Bb2 O-O 13. Rac1 Rac8 14. Nd2 Rfd8 15.
Nf1 Nc5 16. b4 Ncd7 17. Ne3 Qb8 18. a3 Rc7 19. f4 Rcc8 20. Bf3 Qa8 21. Qd3 Bf8
22. g4 g5 $1 23. Ng2 gxf4 24. Na4 Ne5 25. Qe2 Nfd7 26. Nxf4 Bh6 27. g5 Bxg5 28.
Qg2 Kh8 29. Ng6+ hxg6 30. Qxg5 Kg7 31. Bg2 Bc6 32. Nc3 f6 33. Qe3 Nxc4 34. Qe2
Nxb2 35. Qxb2 Ne5 36. Rcd1 b5 37. Kh1 Rh8 38. Qe2 Qb8 39. h3 Rh4 40. Qf2 g5 41.
Kg1 Be8 42. Rf1 Rf4 43. Qg3 Ng6 44. Ne2 Rxf1+ 45. Kxf1 e5 46. Qd3 Rd8 47. Ng3
Nh4 48. Nf5+ Nxf5 49. exf5 Bh5 50. Bf3 Bf7 51. Bd5 Qc7 52. Kg1 Qa7+ 53. Kg2 Qc7
54. Kg3 Qd7 55. Kg4 Rh8 56. Bxf7 Qxf7 57. Kg3 Qh5 58. Kg2 g4 59. Qg3 Qxh3+ 0-1

[Event "LK Elsaß-Baden"]
[Site "Haguenau"]
[Date "2002.09.15"]
[Round "10.17"]
[White "Florea, Dan"]
[Black "Lutz, Eric"]
[Result "1-0"]
[WhiteElo "2247"]
[BlackElo "2108"]
[Annotator "Herbrechtsmeier"]
[PlyCount "69"]
[EventDate "2002.09.15"]
[WhiteTeam "BADEN"]
[BlackTeam "ELSASS"]
[WhiteTeamCountry "GER"]
[BlackTeamCountry "FRA"]

1. d4 d5 2. c4 e6 3. Nc3 f5 4. g3 c6 5. Bg2 Bd6 6. Nf3 Nf6 7. Bf4 Bxf4 8. gxf4
dxc4 9. Ne5 Nd5 10. e3 Qh4 11. Nxc4 O-O 12. Qf3 Nd7 13. Ne5 Nxe5 14. fxe5 b6
15. Qg3 Qxg3 16. hxg3 Ba6 17. Kd2 Rad8 18. f4 Nxc3 19. bxc3 c5 20. a4 Bc4 21.
Rhb1 Rf7 22. Bc6 g5 23. a5 Rc8 24. axb6 axb6 25. Rxb6 gxf4 26. gxf4 Rfc7 27.
Bf3 cxd4 28. exd4 Bd5 29. Bxd5 exd5 30. Rg1+ Kh8 31. Rg3 Ra8 32. Rb5 h5 33. Rh3
Rh7 34. Rxd5 h4 35. e6 1-0